书目信息 |
| 题名: |
水文学
|
|
| 作者: | 黄锡荃 主编 | |
| 分册: | ||
| 出版信息: | 北京 高等教育出版社 1993.06 |
|
| 页数: | 292页 | |
| 开本: | 26cm | |
| 丛书名: | ||
| 单 册: | ||
| 中图分类: | P33 | |
| 科图分类: | ||
| 主题词: | 水文学--shui wen xue--高等学校--教材 , 水文学--shui wen xue | |
| 电子资源: | ||
| ISBN: | 978-7-04-004173-6 | |
| 000 | 00775nam0 2200253 450 | |
| 001 | 0106081858 | |
| 005 | 20201106082046.0 | |
| 010 | @a978-7-04-004173-6@dCNY25.20 | |
| 100 | @a19930716e20191993em y0chiy0110 ea | |
| 101 | 0 | @achi |
| 102 | @aCN@b110000 | |
| 105 | @ak z 000yy | |
| 106 | @ar | |
| 200 | 1 | @a水文学@Ashui wen xue@f黄锡荃主编 |
| 210 | @a北京@c高等教育出版社@d1993.06@h2019.12 | |
| 215 | @a292页@d26cm | |
| 300 | @a高等学校试用教材 | |
| 330 | @a本书以水循环为纲,阐明了水循环各要素和各种水体、水文现象的物理机制、时空分布及其相互关系。 | |
| 606 | 0 | @a水文学@Ashui wen xue@x高等学校@j教材 |
| 606 | 0 | @a水文学@Ashui wen xue |
| 690 | @aP33@v5 | |
| 701 | 0 | @a黄锡荃@Ahuang xi quan@4主编 |
| 801 | 0 | @aCN@bBJSZM@c20201106 |
| 905 | @b1193728-31@dP33@e170@f4 | |
| 水文学/黄锡荃主编.-北京:高等教育出版社,1993.06(2019.12) |
| 292页;26cm |
| 高等学校试用教材 |
| ISBN 978-7-04-004173-6:CNY25.20 |
| 本书以水循环为纲,阐明了水循环各要素和各种水体、水文现象的物理机制、时空分布及其相互关系。 |
| ● |
| 相关链接 |
|
|
|
|
正题名:水文学
索取号:P33/170
 
预约/预借
| 序号 | 登录号 | 条形码 | 馆藏地/架位号 | 状态 | 备注 |
| 1 | 1193728 | 211937289 | 第二样本阅览室/ [索取号:P33/170] | 在馆 | |
| 2 | 1193729 | 211937298 | 第三借阅区/ [索取号:P33/170] | 在馆 | |
| 3 | 1193730 | 211937305 | 第三借阅区/ [索取号:P33/170] | 在馆 | |
| 4 | 1193731 | 211937314 | 第三借阅区/ [索取号:P33/170] | 在馆 |